[Event "Koltsovo op"]
[Site "Koltsovo"]
[Date "2014.07.02"]
[Round "5"]
[White "Ponomarev, Ilya"]
[Black "Solodyankin, Timofey"]
[Result "1-0"]
[WhiteElo "2136"]
[BlackElo "1677"]
[PlyCount "47"]
[EventDate "2014.06.28"]
[EventType "swiss"]
[EventRounds "9"]
[EventCountry "RUS"]
[SourceTitle "CBM 161 Extra"]
[Source "ChessBase"]
[SourceDate "2014.08.29"]
[SourceVersion "1"]
[SourceVersionDate "2014.08.29"]
[SourceQuality "1"]

1. d4 Nf6 2. c4 g6 3. Nf3 Bg7 4. g3 0-0 5. Bg2 d6 6. Nc3 c5 7. d5 Nbd7 8. 0-0 Ng4 9. Bd2 Nge5 10. Nxe5 Nxe5 11. b3 a6 12. a4 Qc7 13. h3 f5 14. Qc2 Bd7 15. a5 b5 16. axb6 Qxb6 17. Na4 Bxa4 18. Rxa4 Rab8 19. Rb1 Nd7 20. f4 Qa7 21. e4 fxe4 22. Bxe4 Nf6 23. Bf3 Qd7 24. g4 1-0

[Event "Novosibirsk Sukharev Memorial op"]
[Site "Novosibirsk"]
[Date "2012.07.23"]
[Round "6"]
[White "Severinov, Alexander"]
[Black "Ponomarev, Ilya"]
[Result "1/2-1/2"]
[WhiteElo "2028"]
[BlackElo "2066"]
[PlyCount "59"]
[EventDate "2012.07.18"]
[EventType "swiss"]
[EventRounds "9"]
[EventCountry "RUS"]
[SourceTitle "EXT 2013"]
[Source "ChessBase"]
[SourceDate "2012.11.22"]
[SourceVersion "1"]
[SourceVersionDate "2012.11.22"]
[SourceQuality "1"]

1. d4 Nf6 2. c4 e6 3. Nf3 d5 4. g3 dxc4 5. Bg2 c5 6. Qa4+ Bd7 7. Qxc4 Nc6 8. dxc5 Qa5+ 9. Bd2 Qxc5 10. Qxc5 Bxc5 11. Nc3 Rc8 12. Rc1 0-0 13. 0-0 Rfd8 14. Bf4 Bb4 15. Bg5 Bxc3 16. Rxc3 Ne4 17. Rxc6 Bxc6 18. Bxd8 Rxd8 19. Rc1 Nd6 20. Ne5 Bxg2 21. Kxg2 f6 22. Nd3 Rd7 23. a4 Kf7 24. Rc3 Ke7 25. b3 Ne8 26. Kf3 Rc7 27. Rxc7+ Nxc7 28. e4 e5 29. Ke3 Ne6 30. f4 1/2-1/2

[Event "Novosibirsk Fakel"]
[Site "Novosibirsk"]
[Date "2010.02.20"]
[Round "9"]
[White "Dzhumagaliev, Murat"]
[Black "Ponomarev, Ilya"]
[Result "1-0"]
[WhiteElo "2129"]
[BlackElo "1941"]
[PlyCount "57"]
[EventDate "2010.02.07"]
[EventType "tourn"]
[EventRounds "11"]
[EventCountry "RUS"]
[SourceTitle "EXT 2011"]
[Source "ChessBase"]
[SourceDate "2010.11.26"]
[SourceVersion "1"]
[SourceVersionDate "2010.11.26"]
[SourceQuality "1"]

1. g4 d5 2. Bg2 c6 3. h3 e5 4. d3 Be6 5. Nf3 f6 6. Nc3 Bd6 7. e4 d4 8. Ne2 h6 9. Nh4 g5 10. Nf5 Kd7 11. c3 c5 12. b4 b6 13. bxc5 bxc5 14. Qa4+ Nc6 15. cxd4 cxd4 16. Nexd4 exd4 17. e5 Bb4+ 18. Kf1 Qb6 19. Nxd4 Nge7 20. Nxe6 Kxe6 21. Qb3+ Kd7 22. exf6 Nc8 23. Be3 Qa6 24. Rc1 Rb8 25. Rxc6 Qa3 26. Qf7+ Kd8 27. Qc7+ Ke8 28. Re6+ Kf8 29. Qg7# 1-0

[Event "Novosibirsk Fakel"]
[Site "Novosibirsk"]
[Date "2010.02.16"]
[Round "8"]
[White "Ponomarev, Ilya"]
[Black "Tyu, Nikolai"]
[Result "1-0"]
[WhiteElo "1941"]
[BlackElo "2087"]
[PlyCount "107"]
[EventDate "2010.02.07"]
[EventType "tourn"]
[EventRounds "11"]
[EventCountry "RUS"]
[SourceTitle "EXT 2011"]
[Source "ChessBase"]
[SourceDate "2010.11.26"]
[SourceVersion "1"]
[SourceVersionDate "2010.11.26"]
[SourceQuality "1"]

1. e4 d5 2. exd5 Qxd5 3. Nc3 Qa5 4. d4 c6 5. Nf3 Bg4 6. h3 Bh5 7. g4 Bg6 8. Ne5 e6 9. h4 Be4 10. Rh3 Bd5 11. Qd3 Nf6 12. Bd2 Bb4 13. Nxd5 Bxd2+ 14. Qxd2 Qxd2+ 15. Kxd2 Ne4+ 16. Ke1 exd5 17. Re3 0-0 18. Bd3 f6 19. Nf3 Re8 20. Bxe4 Rxe4 21. Rxe4 dxe4 22. Nd2 Nd7 23. Nxe4 Re8 24. f3 h5 25. Kf2 hxg4 26. Nd6 g3+ 27. Kxg3 Re2 28. Rc1 b6 29. f4 Kh7 30. Kf3 Rd2 31. Ke3 Rh2 32. Nf5 Rh3+ 33. Kf2 Rh2+ 34. Kf3 Nf8 35. h5 Rxh5 36. Ng3 Rh2 37. Rh1 Rxh1 38. Nxh1 f5 39. c4 Ne6 40. Ke3 Nc7 41. Nf2 Kh6 42. Nd3 g5 43. Ne5 gxf4+ 44. Kxf4 Ne6+ 45. Kxf5 Nxd4+ 46. Ke4 c5 47. Kd5 Nc2 48. Kc6 Kg5 49. Kb7 Kf4 50. Nc6 Ne3 51. b3 Ke4 52. Kxa7 Nxc4 53. bxc4 Kd3 54. Ne5+ 1-0

[Event "Novosibirsk Fakel"]
[Site "Novosibirsk"]
[Date "2010.02.08"]
[Round "2"]
[White "Rodionova, Daria"]
[Black "Ponomarev, Ilya"]
[Result "1-0"]
[WhiteElo "1809"]
[BlackElo "1941"]
[PlyCount "66"]
[EventDate "2010.02.07"]
[EventType "tourn"]
[EventRounds "11"]
[EventCountry "RUS"]
[SourceTitle "EXT 2011"]
[Source "ChessBase"]
[SourceDate "2010.11.26"]
[SourceVersion "1"]
[SourceVersionDate "2010.11.26"]
[SourceQuality "1"]

1. e4 e5 2. Nf3 Nc6 3. d4 exd4 4. Nxd4 Bc5 5. Nxc6 Qf6 6. Qf3 Qxc6 7. Nc3 Bb4 8. Bd2 Ne7 9. a3 Ba5 10. b4 Bb6 11. Bb5 Qg6 12. 0-0 0-0 13. a4 a6 14. Bd3 d6 15. e5 Qe6 16. exd6 Qxd6 17. Bf4 Qxb4 18. Rab1 Qd4 19. Be3 Qxc3 20. Bxb6 Qe5 21. Rfe1 Qd6 22. Ba5 Ng6 23. Be4 Qd7 24. Bb4 Re8 25. c3 Rb8 26. Rbd1 Qe6 27. Kf1 Ne5 28. Qg3 Bd7 29. f4 Qc4+ 30. Kg1 Bxa4 31. Rd4 Qb3 32. fxe5 Rbd8 33. Rxd8 Rxd8 1-0

[Event "Novosibirsk Region-ch"]
[Site "Novosibirsk"]
[Date "2009.12.06"]
[Round "4"]
[White "Ponomarev, Ilya"]
[Black "Faleev, Vasily"]
[Result "1-0"]
[WhiteElo "1957"]
[BlackElo "1959"]
[PlyCount "94"]
[EventDate "2009.12.04"]
[EventType "swiss"]
[EventRounds "9"]
[EventCountry "RUS"]
[SourceTitle "EXT 2011"]
[Source "ChessBase"]
[SourceDate "2010.11.26"]
[SourceVersion "1"]
[SourceVersionDate "2010.11.26"]
[SourceQuality "1"]

1. e4 e5 2. Nf3 Nc6 3. Bb5 Nd4 4. Nxd4 exd4 5. 0-0 c6 6. Bc4 d5 7. exd5 cxd5 8. Re1+ Ne7 9. Bb5+ Bd7 10. Qe2 Qc7 11. Bxd7+ Qxd7 12. Qd3 0-0-0 13. Qxd4 Nc6 14. Qa4 Bc5 15. c3 Rhe8 16. Rf1 d4 17. d3 Qf5 18. b4 Bb6 19. c4 Qxd3 20. Na3 Qe4 21. c5 Bc7 22. b5 Ne5 23. f4 Nd3 24. Qxa7 Bb8 25. Qa5 Nxc5 26. Nc4 Kd7 27. Ba3 Nd3 28. f5 Bc7 29. Nb6+ Bxb6 30. Qxb6 Qe3+ 31. Kh1 Nf2+ 32. Rxf2 Qxa3 33. Qxb7+ Kd6 34. Qb6+ Ke7 35. f6+ gxf6 36. Qxf6+ Kd7 37. Qxf7+ Re7 38. Qd5+ Ke8 39. Qh5+ Kd7 40. Qd5+ Ke8 41. Rf8+ Kxf8 42. Qxd8+ Kg7 43. Qxd4+ Kg8 44. Rf1 Rf7 45. Qd5 Qe7 46. Qxf7+ Qxf7 47. Rxf7 Kxf7 1-0

[Event "Novosibirsk Region-ch"]
[Site "Novosibirsk"]
[Date "2009.12.04"]
[Round "1"]
[White "Yakushev, Nikolai"]
[Black "Ponomarev, Ilya"]
[Result "1/2-1/2"]
[WhiteElo "2201"]
[BlackElo "1957"]
[PlyCount "45"]
[EventDate "2009.12.04"]
[EventType "swiss"]
[EventRounds "9"]
[EventCountry "RUS"]
[SourceTitle "EXT 2011"]
[Source "ChessBase"]
[SourceDate "2010.11.26"]
[SourceVersion "1"]
[SourceVersionDate "2010.11.26"]
[SourceQuality "1"]

1. Nf3 d5 2. d4 Nf6 3. c4 c6 4. g3 e6 5. Bg2 Nbd7 6. 0-0 dxc4 7. Qc2 b5 8. a4 Bb7 9. Bg5 Be7 10. Rd1 h6 11. Bf4 Nd5 12. Bd2 a6 13. b3 cxb3 14. Qxb3 N5b6 15. Nc3 Nc4 16. Bf4 Ndb6 17. e4 0-0 18. d5 exd5 19. exd5 cxd5 20. axb5 axb5 21. Rxa8 Qxa8 22. Nxb5 Nd7 23. Nc7 1/2-1/2